| 000 | 00451nam a22001457a 4500 | ||
|---|---|---|---|
| 008 | 161213b xxu||||| |||| 00| 0 eng d | ||
| 050 | _aBL51.C6 | ||
| 100 |
_aCollingwood, Robin George _928001 |
||
| 245 |
_aReligion and philosophy _cRobin George Collingwood |
||
| 260 |
_aMilton Keynes _bLightning Source |
||
| 300 |
_a69p. ; _c25cm. |
||
| 500 | _aPublished originally in 1916 | ||
| 650 |
_aPhilosophy and religion _928002 |
||
| 942 |
_2lcc _cMONOGRAPH |
||
| 999 |
_c125887 _d125887 |
||